[Event "FRA-ch U20 Girls"]
[Site "La Roche sur Yon"]
[Date "2008.04.25"]
[Round "6"]
[White "Huisman, Camille"]
[Black "Swiercz, Sarah"]
[Result "1-0"]
[WhiteElo "1613"]
[BlackElo "1420"]
[PlyCount "53"]
[EventDate "2008.04.21"]
[EventType "tourn"]
[EventRounds "9"]
[EventCountry "FRA"]
[SourceTitle "EXT 2010"]
[Source "ChessBase"]
[SourceDate "2010.11.25"]
[SourceVersion "1"]
[SourceVersionDate "2010.11.25"]
[SourceQuality "1"]

1. e4 e6 2. d4 d5 3. exd5 exd5 4. Bd3 Nf6 5. Bf4 c6 6. Nf3 Bg4 7. Nbd2 Bb4 8. c3 Qe7+ 9. Qe2 Qxe2+ 10. Bxe2 Ba5 11. 0-0 0-0 12. Bd3 Ne4 13. Nxe4 dxe4 14. Bxe4 f5 15. Bd3 Bxf3 16. gxf3 Nd7 17. Rfe1 Rf6 18. Re7 Nf8 19. Rxb7 g5 20. Bc4+ Kh8 21. Be5 Bd8 22. Rf7 Kg8 23. Rxf6+ Kg7 24. Rxc6+ Bf6 25. Rxf6 Re8 26. Ra6+ Rxe5 27. dxe5 1-0

[Event "FRA-ch U20 Girls"]
[Site "La Roche sur Yon"]
[Date "2008.04.23"]
[Round "4"]
[White "Magnin, Segolene"]
[Black "Huisman, Camille"]
[Result "1/2-1/2"]
[WhiteElo "1799"]
[BlackElo "1613"]
[PlyCount "83"]
[EventDate "2008.04.21"]
[EventType "tourn"]
[EventRounds "9"]
[EventCountry "FRA"]
[SourceTitle "EXT 2010"]
[Source "ChessBase"]
[SourceDate "2010.11.25"]
[SourceVersion "1"]
[SourceVersionDate "2010.11.25"]
[SourceQuality "1"]

1. e4 e5 2. Nc3 Nf6 3. f4 d5 4. exd5 Nxd5 5. Nxd5 Qxd5 6. fxe5 Qxe5+ 7. Be2 Be6 8. d4 Qd6 9. Nf3 Nd7 10. c3 g6 11. Be3 Bg7 12. Qd2 0-0 13. 0-0 Nf6 14. Bf4 Qb6 15. Bd3 Rad8 16. Be5 c5 17. dxc5 Qxc5+ 18. Bd4 Qd6 19. b3 b6 20. Rad1 Rfe8 21. Qc2 Bd5 22. g3 Ng4 23. Bc4 Bxd4+ 24. Rxd4 Ne3 25. Qd3 Bxc4 26. bxc4 Qb8 27. Re1 Rxd4 28. cxd4 Nf5 29. Rxe8+ Qxe8 30. Kf2 Nd6 31. Nd2 Qe6 32. Qe2 Qf6+ 33. Nf3 h5 34. a4 Qe6 35. Qxe6 fxe6 36. Ne5 Kg7 37. Ke3 Kf6 38. Kd3 Kf5 39. Kc3 a5 40. Nd7 Nc8 41. Ne5 Nd6 42. Nd7 1/2-1/2

[Event "FRA-ch U20 Girls"]
[Site "La Roche sur Yon"]
[Date "2008.04.21"]
[Round "1"]
[White "Huisman, Camille"]
[Black "Mehiaoui, Dounia"]
[Result "0-1"]
[WhiteElo "1613"]
[BlackElo "1855"]
[PlyCount "60"]
[EventDate "2008.04.21"]
[EventType "tourn"]
[EventRounds "9"]
[EventCountry "FRA"]
[SourceTitle "EXT 2010"]
[Source "ChessBase"]
[SourceDate "2010.11.25"]
[SourceVersion "1"]
[SourceVersionDate "2010.11.25"]
[SourceQuality "1"]

1. e4 e5 2. Nf3 Nc6 3. Bc4 Nf6 4. Ng5 d5 5. exd5 b5 6. Nxf7 Kxf7 7. dxc6+ bxc4 8. Nc3 Qd6 9. Qe2 Qxc6 10. 0-0 Bb7 11. f3 Bc5+ 12. Kh1 Bd4 13. Re1 Rhe8 14. Ne4 Rad8 15. c3 Bb6 16. b4 Nxe4 17. fxe4 Kg8 18. a4 a6 19. a5 Ba7 20. Ba3 Qe6 21. Rab1 Rf8 22. Rf1 Rxf1+ 23. Rxf1 h6 24. h3 Rd3 25. Kh2 Qg6 26. Rf3 Bxe4 27. Rxd3 cxd3 28. Qf1 Qf5 29. Qd1 Qf4+ 30. Kh1 Qf2 0-1

[Event "FRA-ch U20 Girls"]
[Site "Le Grand Bornand"]
[Date "2007.04.14"]
[Round "8"]
[White "Magnin, Segolene"]
[Black "Huisman, Camille"]
[Result "0-1"]
[WhiteElo "1796"]
[BlackElo "1610"]
[PlyCount "52"]
[EventDate "2007.04.07"]
[EventType "swiss"]
[EventRounds "9"]
[EventCountry "FRA"]
[SourceTitle "CBM 118 Extra"]
[Source "ChessBase"]
[SourceDate "2007.07.04"]
[SourceVersion "1"]
[SourceVersionDate "2007.07.04"]
[SourceQuality "1"]

1. e4 e5 2. Nc3 Nc6 3. f4 exf4 4. Nf3 d6 5. Bb5 Bd7 6. d4 g6 7. Bxf4 Bg7 8. Qd2 Qe7 9. 0-0-0 0-0-0 10. Rde1 f6 11. Rhf1 h5 12. Nd5 Qe6 13. Bc4 Qe8 14. e5 dxe5 15. dxe5 fxe5 16. Ng5 Nge7 17. Nf7 exf4 18. Nxh8 Bxh8 19. Qxf4 Nxd5 20. Bxd5 Be5 21. Qg5 Qh8 22. c3 Bxc3 23. Bxc6 Bxb2+ 24. Kb1 Bxc6 25. Re2 Ba3 26. Qe3 Bb5 0-1

[Event "FRA-ch U20 Girls"]
[Site "Le Grand Bornand"]
[Date "2007.04.13"]
[Round "6"]
[White "Choisy, Mathilde"]
[Black "Huisman, Camille"]
[Result "1-0"]
[WhiteElo "2100"]
[BlackElo "1610"]
[PlyCount "125"]
[EventDate "2007.04.07"]
[EventType "swiss"]
[EventRounds "9"]
[EventCountry "FRA"]
[SourceTitle "CBM 118 Extra"]
[Source "ChessBase"]
[SourceDate "2007.07.04"]
[SourceVersion "1"]
[SourceVersionDate "2007.07.04"]
[SourceQuality "1"]

1. e4 e5 2. Nf3 Nc6 3. d4 exd4 4. Nxd4 Bc5 5. Be3 Qf6 6. Nb5 Bxe3 7. fxe3 Qe5 8. Nd2 Kd8 9. Nc3 d6 10. Nf3 Qe7 11. Qd2 Nf6 12. Bd3 Re8 13. 0-0-0 Bg4 14. Rhf1 a6 15. Rde1 Ne5 16. Nd5 Nxd3+ 17. cxd3 Nxd5 18. exd5 Bxf3 19. Rxf3 f6 20. Qb4 Rb8 21. Qg4 Qf7 22. Qd4 Re5 23. e4 Kd7 24. Kb1 Rbe8 25. Qa7 Rxd5 26. Qxb7 Ra5 27. b3 Qg8 28. Rc1 Rc8 29. Rf2 Qf7 30. Rfc2 Kd8 31. Rc6 Qd7 32. Qb4 Rb5 33. Qc4 d5 34. exd5 Rxd5 35. Re1 Qf5 36. Rce6 Qxd3+ 37. Qxd3 Rxd3 38. Kc2 Rd5 39. Re8+ Kd7 40. R8e7+ Kd6 41. R7e6+ Kd7 42. Re7+ Kd8 43. Rxg7 Rd6 44. Ree7 h6 45. Rh7 f5 46. Reg7 Re6 47. Kd3 c5 48. Rh8+ Re8 49. Rxe8+ Kxe8 50. Rg8+ Kd7 51. Rxc8 Kxc8 52. Kc4 Kc7 53. Kxc5 h5 54. b4 h4 55. a4 Kb7 56. b5 axb5 57. axb5 Kc7 58. Kd5 Kb6 59. Ke5 Kxb5 60. Kxf5 Kc5 61. Kg4 Kd5 62. Kxh4 Ke5 63. Kg5 1-0

[Event "Agneaux St Lo op-B 08th"]
[Site "Agneaux"]
[Date "2004.02.17"]
[Round "6"]
[White "Bollard, Maxime"]
[Black "Huisman, Camille"]
[Result "1-0"]
[WhiteElo "1730"]
[BlackElo "1460"]
[PlyCount "63"]
[EventDate "2004.02.14"]
[EventType "swiss"]
[EventRounds "7"]
[EventCountry "FRA"]
[SourceTitle "EXT 2005"]
[Source "ChessBase"]
[SourceDate "2004.11.15"]
[SourceVersion "1"]
[SourceVersionDate "2004.11.15"]
[SourceQuality "1"]

1. d4 Nf6 2. c4 c6 3. Nc3 d5 4. Nf3 g6 5. Bg5 Bg7 6. e3 Bg4 7. Qb3 Qc7 8. Ne5 dxc4 9. Bxc4 Be6 10. Bxe6 fxe6 11. Qxe6 Rf8 12. Bf4 Qd6 13. Qb3 Nbd7 14. Qxb7 Nb6 15. Nc4 Qd7 16. Qxd7+ Nbxd7 17. Nd2 Nd5 18. Bg3 Nb4 19. 0-0 Nc2 20. Rad1 Nb4 21. Nf3 h6 22. a3 Nd5 23. Rc1 a6 24. Ne2 Ra7 25. Rxc6 g5 26. Rfc1 N7b6 27. e4 Nf4 28. Bxf4 Rxf4 29. Nxf4 gxf4 30. Rxb6 Rd7 31. d5 Bxb2 32. Rxb2 1-0